Les lignées du T4 - Statistiques

Statistiques générales
  • Ce quiz a été pris 133 fois
    11 depuis la dernière actualisation
  • Le résultat moyen est 90 sur 175
Statistiques - réponses
Hint Réponse % Correct
402 Bangala
100%
403 Bebob
100%
401 Bilo
100%
413 Bizo
100%
407 Bleunt
100%
403 Cétro
100%
403 Charko
100%
412 Daly
100%
Affilié Devis
100%
402 Dicky
100%
413 Dyto
100%
411 Enta
100%
406 Flouz
100%
413 Frasko
100%
407 Frozen
100%
414 Golden
100%
407 Haze
100%
405 Kako
100%
411 Kari
100%
Affilié Kas
100%
406 Kashi
100%
408 Koby
100%
403 Koikou
100%
416 Krokko
100%
405 Lacko
100%
Affilié Laiks
100%
416 Lawax
100%
409 Leche
100%
415 Loko
100%
411 Mak
100%
406 Malla
100%
415 Mango
100%
410 Mew
100%
416 Micro
100%
409 Mishy
100%
414 Mondey
100%
406 Monyh
100%
413 Nahmo
100%
411 Nezy
100%
402 Paf
100%
401 Palo
100%
Affilié Pax
100%
413 Payo
100%
405 Pepsi
100%
402 Poutros
100%
407 Purple
100%
410 Pyka
100%
415 Reener
100%
408 Rodger
100%
401 Scott
100%
405 Seven
100%
412 Sheita
100%
412 Tahpy
100%
409 Tazy
100%
Affilié Tazyh
100%
414 Teipay
100%
401 Tolo
100%
404 Toutwy
100%
409 Tozoh
100%
409 Treuf
100%
407 Tyvah
100%
404 Vinto
100%
404 Zineh
100%
402 Zob
100%
405 Bémé
50%
408 Bjorg
50%
401 Boogito
50%
402 Brakmar
50%
402 Brehman
50%
410 Bulbi
50%
409 Djinn
50%
409 Djizz
50%
Affilié Eiwhey
50%
Affilié Euka
50%
414 Goormhan
50%
401 Gusto
50%
409 Hamza
50%
406 Haya
50%
402 Kali
50%
404 Keutch
50%
408 Klay
50%
416 Laclak
50%
418 Ladig
50%
417 Lero
50%
402 Lufa
50%
409 Meuss
50%
407 Nameh
50%
406 Nano
50%
415 Nark
50%
407 Néo
50%
402 Nispey
50%
416 Pistop
50%
420 Polux
50%
411 Poly
50%
403 Praips
50%
408 Redes
50%
414 Rosey
50%
406 Roupy
50%
419 Royah
50%
412 Salsa
50%
410 Santya
50%
409 Savey
50%
402 Sheeber
50%
407 Skeunk
50%
408 Temu
50%
404 Tonga
50%
403 Track
50%
405 Tshok
50%
404 Vity
50%
401 Volve
50%
403 Zecrox
50%
413 Zedou
50%
413 Zeudur
50%
415 Zolah
50%
410 Zum Zum
50%
406 Abba
0%
412 Apto
0%
408 Brazo
0%
414 Capryo
0%
416 Chester
0%
401 Dala
0%
410 Delia
0%
412 Dessy
0%
407 Diez
0%
413 Digmo
0%
407 Diwy
0%
413 Djoul
0%
404 Ettom
0%
414 FIzz
0%
401 Gadjo
0%
414 Gonyoh
0%
401 Gowday
0%
412 Gusta
0%
408 Hairor
0%
405 Harty
0%
415 Hawk
0%
413 Hydra
0%
414 Jeyzerh
0%
403 Kamo
0%
416 Karai
0%
412 Kastell
0%
410 Katchou
0%
404 Kiwi
0%
403 Lénou
0%
405 Loki
0%
406 Lyph
0%
411 Lyta
0%
409 Manhyx
0%
408 Mano
0%
413 Marley
0%
414 Murssau
0%
416 Mytra
0%
407 Nasté
0%
414 Nova
0%
404 Oliv
0%
408 Omvro
0%
409 Palma
0%
412 Pasty
0%
410 Ragan
0%
405 Secdins
0%
415 Seedy
0%
411 Shaki
0%
412 Skaarah
0%
403 Stormy
0%
415 Syfred
0%
403 Tchou
0%
414 Telho
0%
410 Tweest
0%
402 Vairje
0%
406 Vannah
0%
411 Volee
0%
411 Wood
0%
415 Yardi
0%
407 Zema
0%
406 Zooz
0%
Aucun quiz correspondant
Distribution des résultats
% des personnes avec chaque résultat
Percentile par nombre de réponses
Votre historique - résultats
Vous n’avez pas pris ce quiz depuis la dernière actualisation